Upside Down: Mikes Quiz Stats

 Plays Quiz not verified by Sporcle

Score 0/20 Timer 05:00
0 Plays Today
% Correct
Michael Caine
81.5%
Michael Moore
80.9%
Mike Pence
79%
Mike Myers
76%
Michael Cera
74.8%
Mike Epps
72.9%
Michael Jordan
72%
Mike Tyson
71.1%
Michael Bloomberg
66.9%
Michael Fassbender
66.3%
% Correct
Michael Douglas
66.3%
Mike Kryzewski
66%
Mike Vick
64.7%
Mike Ditka
63.2%
Michael J. Fox
62.6%
Michael Keaton
59.3%
Michael Phelps
59%
Michael C. Hall
55.6%
Mike Sorrentino
54.7%
Michael Buble
54.1%

You're not logged in!

Compare scores with friends on all Sporcle quizzes.
OR
Log In

Show Comments

Extras

Created Aug 14, 2019ReportNominate
Tags:Celebrity Quiz

Top Quizzes Today


Score Distribution

Your Account Isn't Verified!

In order to create a playlist on Sporcle, you need to verify the email address you used during registration. Go to your Sporcle Settings to finish the process.

Report this User

Report this user for behavior that violates our Community Guidelines.

Details: